000 00548nam a2200193Ia 4500
005 20260120132101.0
008 008 260114s9999 xx 000 0 eng d
020 _a9781383036275
037 _aEBOOK
040 _aCRL
_beng
_cCRL
041 _aeng
_2eng
084 _qCRL
100 _aGormley
_9934745
245 0 _aEU Law of Free Movement of Goods and Customs Union
260 _bOxford University PressOxford University Press
_c2023
856 _uhttps://academic.oup.com/book/55026
942 _cEBOOK
999 _c1526668
_d1526668